Chvála skromnosti. Ak raz aj o mne povedia, že som dobrý herec, vždy budem len v úlohe žiaka Náš rozhovor pre vás s Georgijom Taratorkinom, členom moskovského Štátneho akademického divadla Mossoviet

Bibliographic Details
Main Authors: Taratorkin, Georgij (Author), Venzárová, Dagmar, 1953- (Author)
Format: Article
Language:Slovak
PhysicalDescription:Obr. 9.
Subjects:

MARC

LEADER 00000nab a2200000 a 4500
001 vtls000059729
003 SK-MaSNL
005 20260304050645.0
008 250422c1980 xo 0 slo
015 |a SNBRB19rr/mm-uuuuu 
035 |a CL0069829 
035 |a urn:nbn:sk:snk-abdkhs 
035 |a (urnnbn)urn:nbn:sk:snk:ar-00169d 
035 |a (uuid)0174fc81-9f95-4e46-b3de-35fcbfd82dd2 
040 |a SNKBUCL  |b slo  |c SNKBUCL  |e AACR2 
041 0 |a slo 
044 |a xo  |c SK 
080 |a 792.07  |2 1981 
100 1 |a Taratorkin, Georgij  |4 aut  |9 1331975 
245 1 0 |a Chvála skromnosti. Ak raz aj o mne povedia, že som dobrý herec, vždy budem len v úlohe žiaka  |b Náš rozhovor pre vás s Georgijom Taratorkinom, členom moskovského Štátneho akademického divadla Mossoviet  |c Georgij Taratorkin, Dagmar Venzarová 
300 |b Obr. 9. 
650 0 7 |a Taratorkin, Georgij  |2 snkbucl  |9 1331976 
655 7 |a články z novín a časopisov  |2 snkbucl  |9 267496 
700 1 |a Venzárová, Dagmar,  |d 1953-  |4 aut  |9 257494 
773 0 |t Film a divadlo  |g Roč. 24, č. 8 (1980), s. 18-21 
850 |a Slovenská národná knižnica 
852 |a Slovenská národná knižnica 
954 |a odborná, vedecká literatúra pôvodná (slovenská)  |2 lita 
958 |a article19 
958 |a OND 
958 |a RK 
958 |a RU 
958 |a EUIPO 
992 |a RBX 
999 |c 2699521  |d 2701451